[Event "April 9 Late 2024"]
[Site "Chess.com"]
[Date "2024.04.09"]
[Round "6"]
[White "Dubreuil, Julien"]
[Black "Reinecke, Katharina"]
[Result "1-0"]
[Board "144"]
[WhiteFideId "621285"]
[BlackFideId "12929727"]
[WhiteTitle "FM"]
[BlackTitle "WCM"]
[WhiteElo "2289"]
[BlackElo "2023"]
[WhiteTeam "FRA"]
[BlackTeam "GER"]
[WhiteClock "0:00:06"]
[BlackClock "0:00:10"]
[Variant "Standard"]

1. e4 {[%clk 0:03:00]}  c6 {[%clk 0:03:00]} 2. Nf3 {[%clk 0:03:00]}  d5 {[%clk 0:03:00]} 3. exd5 {[%clk 0:02:59]}  cxd5 {[%clk 0:03:00]} 4. Ne5 {[%clk 0:02:59]}  Bd7 {[%clk 0:02:50]} 5. d4 {[%clk 0:02:52]}  Nc6 {[%clk 0:02:39]} 6. Nxd7 {[%clk 0:02:51]}  Qxd7 {[%clk 0:02:36]} 7. c3 {[%clk 0:02:51]}  Nf6 {[%clk 0:02:33]} 8. Bd3 {[%clk 0:02:37]}  e6 {[%clk 0:02:31]} 9. O-O {[%clk 0:02:36]}  Bd6 {[%clk 0:02:30]} 10. Nd2 {[%clk 0:02:34]}  O-O {[%clk 0:02:29]} 11. Re1 {[%clk 0:02:35]}  a6 {[%clk 0:02:28]} 12. Nf3 {[%clk 0:02:29]}  Qc7 {[%clk 0:02:17]} 13. Bg5 {[%clk 0:02:28]}  Nd7 {[%clk 0:02:09]} 14. Bh4 {[%clk 0:02:26]}  h6 {[%clk 0:02:03]} 15. Bg3 {[%clk 0:02:24]}  Bxg3 {[%clk 0:01:58]} 16. hxg3 {[%clk 0:02:25]}  b5 {[%clk 0:01:55]} 17. g4 {[%clk 0:02:12]}  Na5 {[%clk 0:01:53]} 18. g5 {[%clk 0:02:10]}  Qf4 {[%clk 0:01:25]} 19. g3 {[%clk 0:02:08]}  Qg4 {[%clk 0:01:15]} 20. gxh6 {[%clk 0:02:07]}  gxh6 {[%clk 0:01:14]} 21. Kg2 {[%clk 0:02:06]}  Qg7 {[%clk 0:01:03]} 22. Rh1 {[%clk 0:02:04]}  Nc4 {[%clk 0:01:00]} 23. Qe2 {[%clk 0:02:03]}  Nf6 {[%clk 0:00:56]} 24. Rh4 {[%clk 0:02:01]}  Nd6 {[%clk 0:00:42]} 25. Rah1 {[%clk 0:01:56]}  h5 {[%clk 0:00:40]} 26. Ne5 {[%clk 0:01:54]}  Nde4 {[%clk 0:00:34]} 27. R1h3 {[%clk 0:01:35]}  Rac8 {[%clk 0:00:28]} 28. f3 {[%clk 0:01:32]}  Ng5 {[%clk 0:00:26]} 29. Rh1 {[%clk 0:01:26]}  Rc7 {[%clk 0:00:21]} 30. Qe3 {[%clk 0:01:01]}  Rfc8 {[%clk 0:00:20]} 31. Bg6 {[%clk 0:00:57]}  fxg6 {[%clk 0:00:18]} 32. Qxg5 {[%clk 0:00:57]}  b4 {[%clk 0:00:16]} 33. c4 {[%clk 0:00:36]}  dxc4 {[%clk 0:00:15]} 34. Nxg6 {[%clk 0:00:36]}  c3 {[%clk 0:00:15]} 35. bxc3 {[%clk 0:00:36]}  Rxc3 {[%clk 0:00:13]} 36. Re1 {[%clk 0:00:29]}  Rc2+ {[%clk 0:00:13]} 37. Kh3 {[%clk 0:00:30]}  Kf7 {[%clk 0:00:09]} 38. Ne5+ {[%clk 0:00:21]}  Kg8 {[%clk 0:00:09]} 39. Ng6 {[%clk 0:00:16]}  Kf7 {[%clk 0:00:09]} 40. Ne5+ {[%clk 0:00:09]}  Kg8 {[%clk 0:00:09]} 41. Qxg7+ {[%clk 0:00:05]}  Kxg7 {[%clk 0:00:09]} 42. Nd3 {[%clk 0:00:04]}  R8c3 {[%clk 0:00:09]} 43. Nf4 {[%clk 0:00:04]}  Rxa2 {[%clk 0:00:09]} 44. Nxe6+ {[%clk 0:00:04]}  Kf7 {[%clk 0:00:08]} 45. Ng5+ {[%clk 0:00:04]}  Kg6 {[%clk 0:00:08]} 46. Ne6 {[%clk 0:00:04]}  Rxf3 {[%clk 0:00:09]} 47. Nf4+ {[%clk 0:00:04]}  Kf7 {[%clk 0:00:08]} 48. Re5 {[%clk 0:00:03]}  Rff2 {[%clk 0:00:09]} 49. g4 {[%clk 0:00:02]}  Rh2+ {[%clk 0:00:09]} 50. Kg3 {[%clk 0:00:02]}  Rh1 {[%clk 0:00:09]} 51. gxh5 {[%clk 0:00:02]}  Rxh4 {[%clk 0:00:09]} 52. Kxh4 {[%clk 0:00:02]}  Rf2 {[%clk 0:00:08]} 53. Kg5 {[%clk 0:00:02]}  Nd7 {[%clk 0:00:07]} 54. Rf5+ {[%clk 0:00:02]}  Ke7 {[%clk 0:00:07]} 55. Ng6+ {[%clk 0:00:02]}  Kd6 {[%clk 0:00:07]} 56. Rxf2 {[%clk 0:00:03]}  Nb6 {[%clk 0:00:06]} 57. Rf6+ {[%clk 0:00:03]}  Kd5 {[%clk 0:00:06]} 58. Rxb6 {[%clk 0:00:03]}  Kxd4 {[%clk 0:00:07]} 59. Rxb4+ {[%clk 0:00:03]}  Kc5 {[%clk 0:00:06]} 60. Ra4 {[%clk 0:00:04]}  Kb5 {[%clk 0:00:06]} 61. Rxa6 {[%clk 0:00:05]}  Kxa6 {[%clk 0:00:07]} 62. h6 {[%clk 0:00:06]}  Kb5 {[%clk 0:00:07]} 63. h7 {[%clk 0:00:07]}  Kc4 {[%clk 0:00:08]} 64. h8=Q {[%clk 0:00:08]}  Kd3 {[%clk 0:00:09]} 65. Qe5 {[%clk 0:00:08]}  Kd2 {[%clk 0:00:08]} 66. Qg3 {[%clk 0:00:08]}  Ke2 {[%clk 0:00:08]} 67. Kf4 {[%clk 0:00:06]}  Kf1 {[%clk 0:00:08]} 68. Qh2 {[%clk 0:00:06]}  Ke1 {[%clk 0:00:09]} 69. Ke3 {[%clk 0:00:06]}  Kf1 {[%clk 0:00:10]} 70. Qf2# {[%clk 0:00:06]} 1-0

[Event "April 9 Late 2024"]
[Site "Chess.com"]
[Date "2024.04.09"]
[Round "6"]
[White "Ramirez Madrid, Gerardo Alfonso"]
[Black "Lutz, Igor Oscar"]
[Result "0-1"]
[Board "146"]
[WhiteFideId "6505945"]
[BlackFideId "2110806"]
[WhiteTitle "FM"]
[WhiteElo "2283"]
[BlackElo "1980"]
[WhiteTeam "CRC"]
[BlackTeam "BRA"]
[WhiteClock "0:00:04"]
[BlackClock "0:00:16"]
[Variant "Standard"]

1. Nf3 {[%clk 0:03:00]}  d5 {[%clk 0:03:00]} 2. g3 {[%clk 0:02:58]}  c5 {[%clk 0:02:58]} 3. Bg2 {[%clk 0:02:56]}  Nc6 {[%clk 0:02:58]} 4. d4 {[%clk 0:02:55]}  e6 {[%clk 0:02:58]} 5. O-O {[%clk 0:02:54]}  Nf6 {[%clk 0:02:56]} 6. c4 {[%clk 0:02:41]}  dxc4 {[%clk 0:02:52]} 7. Qa4 {[%clk 0:02:38]}  Bd7 {[%clk 0:02:37]} 8. Qxc4 {[%clk 0:02:36]}  cxd4 {[%clk 0:02:37]} 9. Bf4 {[%clk 0:02:26]}  Rc8 {[%clk 0:02:32]} 10. Nxd4 {[%clk 0:02:20]}  Nxd4 {[%clk 0:02:29]} 11. Qxd4 {[%clk 0:02:18]}  Bc5 {[%clk 0:02:24]} 12. Qd2 {[%clk 0:02:14]}  Bc6 {[%clk 0:02:14]} 13. Bxc6+ {[%clk 0:02:10]}  Rxc6 {[%clk 0:02:11]} 14. Qxd8+ {[%clk 0:02:06]}  Kxd8 {[%clk 0:02:11]} 15. Rd1+ {[%clk 0:02:05]}  Ke7 {[%clk 0:02:11]} 16. Nc3 {[%clk 0:02:02]}  Rd8 {[%clk 0:02:02]} 17. Rxd8 {[%clk 0:01:59]}  Kxd8 {[%clk 0:02:03]} 18. Rd1+ {[%clk 0:01:59]}  Ke7 {[%clk 0:02:03]} 19. a3 {[%clk 0:01:58]}  Ng4 {[%clk 0:01:44]} 20. Ne4 {[%clk 0:01:57]}  Bb6 {[%clk 0:01:36]} 21. h3 {[%clk 0:01:50]}  Nf6 {[%clk 0:01:14]} 22. Bd6+ {[%clk 0:01:40]}  Ke8 {[%clk 0:01:06]} 23. Nxf6+ {[%clk 0:01:40]}  gxf6 {[%clk 0:01:07]} 24. Rd2 {[%clk 0:01:35]}  Ba5 {[%clk 0:01:00]} 25. b4 {[%clk 0:01:32]}  Bb6 {[%clk 0:00:52]} 26. b5 {[%clk 0:01:26]}  Rc3 {[%clk 0:00:49]} 27. Bb4 {[%clk 0:01:22]}  Rc1+ {[%clk 0:00:38]} 28. Kg2 {[%clk 0:01:21]}  Bc5 {[%clk 0:00:38]} 29. Rb2 {[%clk 0:01:00]}  Bxb4 {[%clk 0:00:25]} 30. Rxb4 {[%clk 0:00:59]}  Ra1 {[%clk 0:00:20]} 31. a4 {[%clk 0:00:58]}  Ra2 {[%clk 0:00:20]} 32. e3 {[%clk 0:00:54]}  Ke7 {[%clk 0:00:20]} 33. Kf3 {[%clk 0:00:52]}  e5 {[%clk 0:00:18]} 34. g4 {[%clk 0:00:46]}  Kd6 {[%clk 0:00:18]} 35. h4 {[%clk 0:00:29]}  Kc5 {[%clk 0:00:18]} 36. Re4 {[%clk 0:00:28]}  Kd5 {[%clk 0:00:19]} 37. Rb4 {[%clk 0:00:27]}  Kc5 {[%clk 0:00:19]} 38. Re4 {[%clk 0:00:26]}  Kd5 {[%clk 0:00:19]} 39. g5 {[%clk 0:00:18]}  Rxf2+ {[%clk 0:00:16]} 40. Kxf2 {[%clk 0:00:14]}  Kxe4 {[%clk 0:00:17]} 41. gxf6 {[%clk 0:00:11]}  Kf5 {[%clk 0:00:17]} 42. Kf3 {[%clk 0:00:11]}  Kxf6 {[%clk 0:00:17]} 43. e4 {[%clk 0:00:10]}  h5 {[%clk 0:00:14]} 44. Ke3 {[%clk 0:00:09]}  Ke6 {[%clk 0:00:15]} 45. Kf3 {[%clk 0:00:08]}  f5 {[%clk 0:00:16]} 46. Ke3 {[%clk 0:00:05]}  f4+ {[%clk 0:00:15]} 47. Kf3 {[%clk 0:00:05]}  Kd6 {[%clk 0:00:16]} 48. Ke2 {[%clk 0:00:04]}  Kc5 {[%clk 0:00:16]} 0-1

[Event "April 9 Late 2024"]
[Site "Chess.com"]
[Date "2024.04.09"]
[Round "6"]
[White "Yang, Aimee"]
[Black "Narva, Triin"]
[Result "0-1"]
[Board "149"]
[WhiteFideId "30996066"]
[BlackFideId "4502680"]
[WhiteTitle "WCM"]
[BlackTitle "WFM"]
[WhiteElo "1755"]
[BlackElo "2258"]
[WhiteTeam "USA"]
[BlackTeam "EST"]
[WhiteClock "0:00:00"]
[BlackClock "0:00:43"]
[Variant "Standard"]

1. d4 {[%clk 0:02:44]}  g6 {[%clk 0:02:54]} 2. c4 {[%clk 0:02:42]}  Bg7 {[%clk 0:02:53]} 3. g3 {[%clk 0:02:41]}  Nf6 {[%clk 0:02:53]} 4. Bg2 {[%clk 0:02:40]}  O-O {[%clk 0:02:54]} 5. Nc3 {[%clk 0:02:34]}  c6 {[%clk 0:02:54]} 6. Nf3 {[%clk 0:02:30]}  d6 {[%clk 0:02:34]} 7. O-O {[%clk 0:02:22]}  Nbd7 {[%clk 0:02:34]} 8. e4 {[%clk 0:02:17]}  e5 {[%clk 0:02:28]} 9. Re1 {[%clk 0:02:14]}  Qc7 {[%clk 0:02:16]} 10. b3 {[%clk 0:02:01]}  Nh5 {[%clk 0:01:39]} 11. Bb2 {[%clk 0:01:55]}  a6 {[%clk 0:01:28]} 12. Rc1 {[%clk 0:01:49]}  Qd8 {[%clk 0:01:10]} 13. dxe5 {[%clk 0:01:44]}  dxe5 {[%clk 0:01:10]} 14. Qd6 {[%clk 0:01:33]}  Re8 {[%clk 0:01:03]} 15. Rcd1 {[%clk 0:01:32]}  Bf8 {[%clk 0:00:59]} 16. Qd3 {[%clk 0:01:29]}  Qf6 {[%clk 0:00:57]} 17. a3 {[%clk 0:01:21]}  Nc5 {[%clk 0:00:57]} 18. Qc2 {[%clk 0:01:06]}  Bg4 {[%clk 0:00:57]} 19. Qe2 {[%clk 0:00:37]}  Nxb3 {[%clk 0:00:55]} 20. Rb1 {[%clk 0:00:25]}  Nd4 {[%clk 0:00:52]} 21. Qe3 {[%clk 0:00:12]}  Bxf3 {[%clk 0:00:49]} 22. Bxf3 {[%clk 0:00:10]}  Nxf3+ {[%clk 0:00:49]} 23. Kg2 {[%clk 0:00:09]}  Nxe1+ {[%clk 0:00:49]} 24. Rxe1 {[%clk 0:00:10]}  Rad8 {[%clk 0:00:46]} 25. Rd1 {[%clk 0:00:08]}  Rxd1 {[%clk 0:00:45]} 26. Nxd1 {[%clk 0:00:05]}  Rd8 {[%clk 0:00:45]} 27. Nc3 {[%clk 0:00:02]}  Ng7 {[%clk 0:00:43]} 28. Qe2 {[%clk 0:00:00]}  Ne6 {[%clk 0:00:43]} 0-1

[Event "April 9 Late 2024"]
[Site "Chess.com"]
[Date "2024.04.09"]
[Round "6"]
[White "Guevara Sanchez, Erick Marvin"]
[Black "Liu, Casper"]
[Result "1-0"]
[Board "151"]
[WhiteFideId "6700136"]
[BlackFideId "1454153"]
[WhiteTitle "FM"]
[BlackTitle "FM"]
[WhiteElo "2180"]
[BlackElo "2510"]
[WhiteTeam "ESA"]
[BlackTeam "DEN"]
[WhiteClock "0:01:05"]
[BlackClock "0:01:20"]
[Variant "Standard"]

1. e4 {[%clk 0:02:53]}  c5 {[%clk 0:02:56]} 2. d4 {[%clk 0:02:53]}  cxd4 {[%clk 0:02:55]} 3. c3 {[%clk 0:02:53]}  d6 {[%clk 0:02:55]} 4. Nf3 {[%clk 0:02:51]}  g6 {[%clk 0:02:54]} 5. cxd4 {[%clk 0:02:50]}  Bg7 {[%clk 0:02:54]} 6. Bc4 {[%clk 0:02:49]}  Nf6 {[%clk 0:02:54]} 7. Qe2 {[%clk 0:02:45]}  O-O {[%clk 0:02:52]} 8. O-O {[%clk 0:02:35]}  Bg4 {[%clk 0:02:50]} 9. h3 {[%clk 0:02:33]}  Bxf3 {[%clk 0:02:50]} 10. Qxf3 {[%clk 0:02:33]}  Nc6 {[%clk 0:02:50]} 11. Be3 {[%clk 0:02:32]}  Rc8 {[%clk 0:02:51]} 12. Bb3 {[%clk 0:02:22]}  e6 {[%clk 0:02:50]} 13. Nc3 {[%clk 0:02:19]}  a6 {[%clk 0:02:50]} 14. Rac1 {[%clk 0:02:15]}  b5 {[%clk 0:02:50]} 15. Bc2 {[%clk 0:02:14]}  b4 {[%clk 0:02:47]} 16. Ne2 {[%clk 0:02:13]}  Qa5 {[%clk 0:02:48]} 17. Bb1 {[%clk 0:02:12]}  Ne7 {[%clk 0:02:37]} 18. g4 {[%clk 0:02:11]}  h5 {[%clk 0:02:32]} 19. Ng3 {[%clk 0:02:10]}  hxg4 {[%clk 0:02:27]} 20. hxg4 {[%clk 0:02:10]}  Nh7 {[%clk 0:02:24]} 21. Kg2 {[%clk 0:02:06]}  Nc6 {[%clk 0:02:14]} 22. Rcd1 {[%clk 0:02:01]}  Rfd8 {[%clk 0:01:55]} 23. Rh1 {[%clk 0:01:59]}  Ng5 {[%clk 0:01:54]} 24. Qe2 {[%clk 0:01:55]}  e5 {[%clk 0:01:46]} 25. Bxg5 {[%clk 0:01:53]}  Re8 {[%clk 0:01:42]} 26. dxe5 {[%clk 0:01:36]}  Qxe5 {[%clk 0:01:42]} 27. Rd5 {[%clk 0:01:34]}  Qxb2 {[%clk 0:01:37]} 28. Qxb2 {[%clk 0:01:32]}  Bxb2 {[%clk 0:01:38]} 29. Rxd6 {[%clk 0:01:29]}  a5 {[%clk 0:01:38]} 30. f4 {[%clk 0:01:14]}  a4 {[%clk 0:01:37]} 31. e5 {[%clk 0:01:14]}  Nxe5 {[%clk 0:01:20]} 32. Bf6 {[%clk 0:01:05]} 1-0

[Event "April 9 Late 2024"]
[Site "Chess.com"]
[Date "2024.04.09"]
[Round "6"]
[White "Almeida Junior, Alvaro Alves de"]
[Black "Nunez Hirales, Juan Alejandro"]
[Result "1-0"]
[Board "152"]
[WhiteFideId "2149974"]
[BlackFideId "5108888"]
[WhiteElo "2393"]
[BlackElo "2172"]
[WhiteTeam "BRA"]
[BlackTeam "MEX"]
[WhiteClock "0:01:33"]
[BlackClock "0:01:17"]
[Variant "Standard"]

1. e4 {[%clk 0:02:49]}  c6 {[%clk 0:02:59]} 2. d4 {[%clk 0:02:48]}  d5 {[%clk 0:03:00]} 3. exd5 {[%clk 0:02:48]}  cxd5 {[%clk 0:03:00]} 4. c4 {[%clk 0:02:49]}  Nf6 {[%clk 0:03:00]} 5. Nc3 {[%clk 0:02:49]}  Nc6 {[%clk 0:03:01]} 6. Nf3 {[%clk 0:02:50]}  a6 {[%clk 0:03:01]} 7. Bd3 {[%clk 0:02:49]}  Be6 {[%clk 0:02:59]} 8. cxd5 {[%clk 0:02:48]}  Bxd5 {[%clk 0:02:59]} 9. O-O {[%clk 0:02:49]}  Bxf3 {[%clk 0:02:56]} 10. Qxf3 {[%clk 0:02:49]}  Qxd4 {[%clk 0:02:56]} 11. Rd1 {[%clk 0:02:46]}  Qg4 {[%clk 0:02:54]} 12. Qe3 {[%clk 0:02:27]}  e6 {[%clk 0:02:53]} 13. Qb6 {[%clk 0:02:26]}  Qb4 {[%clk 0:02:40]} 14. Bb5 {[%clk 0:02:11]}  axb5 {[%clk 0:02:12]} 15. Qxb7 {[%clk 0:02:10]}  Rd8 {[%clk 0:01:58]} 16. Qxc6+ {[%clk 0:02:05]}  Nd7 {[%clk 0:01:44]} 17. Nxb5 {[%clk 0:01:45]}  Bc5 {[%clk 0:01:42]} 18. Nc7+ {[%clk 0:01:39]}  Ke7 {[%clk 0:01:17]} 19. Bg5+ {[%clk 0:01:33]} 1-0

[Event "April 9 Late 2024"]
[Site "Chess.com"]
[Date "2024.04.09"]
[Round "6"]
[White "Joubert, Dantelle"]
[Black "Garcia Correa, Jose Ricardo"]
[Result "0-1"]
[Board "157"]
[WhiteFideId "14310813"]
[BlackFideId "5101832"]
[WhiteTitle "WFM"]
[BlackTitle "FM"]
[WhiteElo "2019"]
[BlackElo "2224"]
[WhiteTeam "RSA"]
[BlackTeam "MEX"]
[WhiteClock "0:00:00"]
[BlackClock "0:00:32"]
[Variant "Standard"]

1. c4 {[%clk 0:02:26]}  Nf6 {[%clk 0:02:11]} 2. Nc3 {[%clk 0:02:19]}  g6 {[%clk 0:01:59]} 3. Nf3 {[%clk 0:02:17]}  Bg7 {[%clk 0:01:59]} 4. g3 {[%clk 0:02:17]}  c6 {[%clk 0:01:58]} 5. e4 {[%clk 0:02:14]}  d6 {[%clk 0:01:57]} 6. Bg2 {[%clk 0:02:11]}  e5 {[%clk 0:01:56]} 7. O-O {[%clk 0:02:10]}  Qc7 {[%clk 0:01:54]} 8. d4 {[%clk 0:02:09]}  O-O {[%clk 0:01:53]} 9. h3 {[%clk 0:02:03]}  Re8 {[%clk 0:01:52]} 10. Qc2 {[%clk 0:02:01]}  Nbd7 {[%clk 0:01:51]} 11. Rd1 {[%clk 0:01:58]}  Nf8 {[%clk 0:01:51]} 12. d5 {[%clk 0:01:55]}  c5 {[%clk 0:01:44]} 13. Rb1 {[%clk 0:01:45]}  a6 {[%clk 0:01:42]} 14. a4 {[%clk 0:01:40]}  N6d7 {[%clk 0:01:42]} 15. b4 {[%clk 0:01:12]}  cxb4 {[%clk 0:01:33]} 16. Rxb4 {[%clk 0:01:11]}  Nc5 {[%clk 0:01:33]} 17. Be3 {[%clk 0:01:05]}  f5 {[%clk 0:01:30]} 18. Ng5 {[%clk 0:00:58]}  h6 {[%clk 0:01:24]} 19. Ne6 {[%clk 0:00:57]}  Nfxe6 {[%clk 0:01:21]} 20. dxe6 {[%clk 0:00:57]}  Bxe6 {[%clk 0:01:17]} 21. Nd5 {[%clk 0:00:52]}  Qd8 {[%clk 0:01:14]} 22. Bxc5 {[%clk 0:00:48]}  dxc5 {[%clk 0:01:14]} 23. Rb3 {[%clk 0:00:44]}  Rb8 {[%clk 0:01:09]} 24. exf5 {[%clk 0:00:28]}  gxf5 {[%clk 0:01:05]} 25. g4 {[%clk 0:00:22]}  fxg4 {[%clk 0:01:03]} 26. hxg4 {[%clk 0:00:20]}  Qh4 {[%clk 0:01:01]} 27. Qg6 {[%clk 0:00:18]}  Bxg4 {[%clk 0:00:53]} 28. Rg3 {[%clk 0:00:14]}  h5 {[%clk 0:00:48]} 29. Re1 {[%clk 0:00:08]}  Re6 {[%clk 0:00:43]} 30. Qe4 {[%clk 0:00:06]}  Rf8 {[%clk 0:00:42]} 31. Rh3 {[%clk 0:00:05]}  Qg5 {[%clk 0:00:40]} 32. Rg3 {[%clk 0:00:04]}  Rg6 {[%clk 0:00:38]} 33. f3 {[%clk 0:00:04]}  Qh4 {[%clk 0:00:37]} 34. Rh3 {[%clk 0:00:01]}  Qxh3 {[%clk 0:00:32]} 35. Bxh3 {[%clk 0:00:01]}  Bxf3+ {[%clk 0:00:32]} 36. Kh2 {[%clk 0:00:02]}  Bxe4 {[%clk 0:00:32]} 37. Rxe4 {[%clk 0:00:02]}  Rf2+ {[%clk 0:00:32]} 38. Kh1 {[%clk 0:00:00]}  Rg3 {[%clk 0:00:32]} 0-1

[Event "April 9 Late 2024"]
[Site "Chess.com"]
[Date "2024.04.09"]
[Round "7"]
[White "Zhigalko, Sergei"]
[Black "Adewumi, Tanitoluwa"]
[Result "1-0"]
[Board "21"]
[WhiteFideId "13502956"]
[BlackFideId "30966396"]
[WhiteTitle "GM"]
[BlackTitle "FM"]
[WhiteElo "2891"]
[BlackElo "2779"]
[WhiteTeam "BLR"]
[BlackTeam "USA"]
[WhiteClock "0:00:26"]
[BlackClock "0:00:01"]
[Variant "Standard"]

1. e4 {[%clk 0:03:00]}  c5 {[%clk 0:02:59]} 2. Nf3 {[%clk 0:03:00]}  e6 {[%clk 0:02:59]} 3. c3 {[%clk 0:03:01]}  Nf6 {[%clk 0:02:59]} 4. e5 {[%clk 0:03:01]}  Nd5 {[%clk 0:03:00]} 5. Bc4 {[%clk 0:03:02]}  Nc6 {[%clk 0:02:59]} 6. O-O {[%clk 0:03:02]}  d6 {[%clk 0:02:59]} 7. d4 {[%clk 0:03:02]}  cxd4 {[%clk 0:02:58]} 8. cxd4 {[%clk 0:03:03]}  Be7 {[%clk 0:02:58]} 9. Bd2 {[%clk 0:03:03]}  O-O {[%clk 0:02:54]} 10. Nc3 {[%clk 0:03:04]}  Nxc3 {[%clk 0:02:48]} 11. Bxc3 {[%clk 0:03:04]}  dxe5 {[%clk 0:02:44]} 12. dxe5 {[%clk 0:03:04]}  b6 {[%clk 0:02:40]} 13. Qe2 {[%clk 0:03:04]}  Bb7 {[%clk 0:02:37]} 14. a3 {[%clk 0:03:04]}  Rc8 {[%clk 0:02:35]} 15. Bd3 {[%clk 0:03:04]}  Qc7 {[%clk 0:01:58]} 16. Rfe1 {[%clk 0:03:02]}  Rfd8 {[%clk 0:01:53]} 17. h4 {[%clk 0:02:46]}  Bc5 {[%clk 0:01:40]} 18. Rad1 {[%clk 0:02:35]}  Ne7 {[%clk 0:01:25]} 19. Ng5 {[%clk 0:02:16]}  h6 {[%clk 0:00:58]} 20. Ne4 {[%clk 0:01:47]}  Nf5 {[%clk 0:00:35]} 21. Qg4 {[%clk 0:01:43]}  Be7 {[%clk 0:00:09]} 22. Nd6 {[%clk 0:01:34]}  h5 {[%clk 0:00:03]} 23. Qxh5 {[%clk 0:01:32]}  Bxd6 {[%clk 0:00:04]} 24. exd6 {[%clk 0:01:31]}  Rxd6 {[%clk 0:00:04]} 25. Qg4 {[%clk 0:01:06]}  f6 {[%clk 0:00:02]} 26. Bxf6 {[%clk 0:01:00]}  Rf8 {[%clk 0:00:01]} 27. Be5 {[%clk 0:00:58]}  Qc6 {[%clk 0:00:01]} 28. Bxd6 {[%clk 0:00:55]}  Nxd6 {[%clk 0:00:02]} 29. Qxe6+ {[%clk 0:00:43]}  Rf7 {[%clk 0:00:02]} 30. Qg4 {[%clk 0:00:42]}  Rf4 {[%clk 0:00:01]} 31. Qg3 {[%clk 0:00:38]}  Rxh4 {[%clk 0:00:02]} 32. Bf1 {[%clk 0:00:34]}  Nf5 {[%clk 0:00:02]} 33. Qg5 {[%clk 0:00:29]}  Rh6 {[%clk 0:00:01]} 34. Qxf5 {[%clk 0:00:27]}  Qc7 {[%clk 0:00:01]} 35. Re8# {[%clk 0:00:26]} 1-0

[Event "April 9 Late 2024"]
[Site "Chess.com"]
[Date "2024.04.09"]
[Round "7"]
[White "Galaktionov, Artem"]
[Black "Toropov, Pavel"]
[Result "1-0"]
[Board "22"]
[WhiteFideId "24175471"]
[BlackFideId "24129178"]
[WhiteTitle "FM"]
[BlackTitle "FM"]
[WhiteElo "2877"]
[BlackElo "2675"]
[WhiteTeam "RUS"]
[BlackTeam "RUS"]
[WhiteClock "0:01:14"]
[BlackClock "0:00:01"]
[Variant "Standard"]

1. d4 {[%clk 0:03:00]}  d5 {[%clk 0:03:00]} 2. Nf3 {[%clk 0:03:00]}  Nf6 {[%clk 0:02:59]} 3. c4 {[%clk 0:03:00]}  c6 {[%clk 0:03:00]} 4. Qb3 {[%clk 0:02:59]}  g6 {[%clk 0:02:58]} 5. Nc3 {[%clk 0:02:59]}  Bg7 {[%clk 0:02:58]} 6. Bg5 {[%clk 0:02:59]}  e6 {[%clk 0:02:55]} 7. e3 {[%clk 0:02:59]}  O-O {[%clk 0:02:55]} 8. Bd3 {[%clk 0:02:59]}  b6 {[%clk 0:02:55]} 9. O-O {[%clk 0:02:59]}  Nbd7 {[%clk 0:02:55]} 10. Rfd1 {[%clk 0:02:58]}  Bb7 {[%clk 0:02:55]} 11. Rac1 {[%clk 0:02:58]}  Rc8 {[%clk 0:02:46]} 12. cxd5 {[%clk 0:02:57]}  exd5 {[%clk 0:02:42]} 13. Qa3 {[%clk 0:02:51]}  a5 {[%clk 0:02:36]} 14. Qb3 {[%clk 0:02:49]}  Re8 {[%clk 0:02:28]} 15. a4 {[%clk 0:02:47]}  h6 {[%clk 0:02:22]} 16. Bh4 {[%clk 0:02:47]}  g5 {[%clk 0:02:12]} 17. Bg3 {[%clk 0:02:46]}  Qe7 {[%clk 0:02:08]} 18. Bf5 {[%clk 0:02:42]}  Ba6 {[%clk 0:01:55]} 19. Ne5 {[%clk 0:02:23]}  Nxe5 {[%clk 0:01:35]} 20. Bxc8 {[%clk 0:02:18]}  Bc4 {[%clk 0:01:32]} 21. Qxb6 {[%clk 0:02:17]}  Nd3 {[%clk 0:01:29]} 22. Bf5 {[%clk 0:02:10]}  Nxc1 {[%clk 0:01:28]} 23. Rxc1 {[%clk 0:02:11]}  Nh5 {[%clk 0:01:26]} 24. Bc7 {[%clk 0:01:57]}  Qf6 {[%clk 0:01:11]} 25. Bg4 {[%clk 0:01:56]}  Qg6 {[%clk 0:01:12]} 26. b3 {[%clk 0:01:46]}  Bd3 {[%clk 0:01:08]} 27. Bd7 {[%clk 0:01:42]}  Re7 {[%clk 0:01:05]} 28. Bxc6 {[%clk 0:01:40]}  Nf6 {[%clk 0:00:48]} 29. Nxd5 {[%clk 0:01:37]}  Nxd5 {[%clk 0:00:47]} 30. Bxd5 {[%clk 0:01:38]}  Qf5 {[%clk 0:00:37]} 31. Qxa5 {[%clk 0:01:32]}  Be4 {[%clk 0:00:27]} 32. Bxe4 {[%clk 0:01:30]}  Qxe4 {[%clk 0:00:24]} 33. Qc5 {[%clk 0:01:19]}  Bf8 {[%clk 0:00:23]} 34. Qc6 {[%clk 0:01:18]}  Qd3 {[%clk 0:00:17]} 35. Qc2 {[%clk 0:01:19]}  Qa6 {[%clk 0:00:12]} 36. b4 {[%clk 0:01:17]}  Rd7 {[%clk 0:00:12]} 37. b5 {[%clk 0:01:17]}  Qb7 {[%clk 0:00:12]} 38. h3 {[%clk 0:01:16]}  Ba3 {[%clk 0:00:11]} 39. Qc6 {[%clk 0:01:15]}  Qc8 {[%clk 0:00:01]} 40. Rc2 {[%clk 0:01:14]} 1-0